Les Pokémon atteignant 600 de Base stat ou plus (Mort subite) - Statistiques

Statistiques générales
  • Ce quiz a été pris 37 fois
  • Le résultat moyen est 2 sur 15
Answers on the Grid
Answers color-coded by a green-red scale on the quiz's grid according to % correct below.
Aéroptéryx
Arceus
Azumarill
Bao-Jian
Caratroc
Celebi
Duralugon
Feu Perçant
Froussardine
Leuphorie
Mandrillon
Méga Altaria
Méga Dardargnan
Méga Etouraptor
Méga Floette
Méga Golgopathe
Méga Némélios
Métalosse
Monaflémit
Muplodocus de Hisui
Necrozma
Pondralugon
Prédastérie
Rugit-Lune
Sachanobi
Silvallié
Sulfura de Galar
Superdofin
Terapagos
Terapagos Stellaire
Ultra Necrozma
Ursaking Lune Vermeille
 
Statistiques - réponses
Réponse % Correct
Arceus
78%
Celebi
35%
Ultra Necrozma
35%
Froussardine
13%
Métalosse
13%
Monaflémit
13%
Muplodocus de Hisui
13%
Necrozma
13%
Pondralugon
9%
Sachanobi
9%
Terapagos Stellaire
9%
Superdofin
4%
Méga Floette
0%
Méga Golgopathe
0%
Méga Némélios
0%
Aucun quiz correspondant
Distribution des résultats
% des personnes avec chaque résultat
Percentile par nombre de réponses
Votre historique - résultats
Vous n’avez pas pris ce quiz